Statystyki dla Wybory Samorządowe 2024

Kliknij tutaj aby rozwiązać quiz!

Ogólne statystyki

  • Ten quiz został rozwiązany 39 razy
  • Średni wynik to 5 z 8

Statystyki odpowiedzi

Liczba mandatówKomitet% Poprawnych
210Koalicja Obywatelska
100%
239Prawo i Sprawiedliwość
100%
8Lewica
97%
80Trzecia Droga
92%
6Konfederacja i BS
86%
3Bezpartyjni Samorządowcy
35%
1OK Samorząd
5%
5Śląscy Samorządowcy
5%

Rozkład punktacji

Percentyl według liczby udzielonych odpowiedzi

Procent ludzi z każdym wynikiem

Twoja historia wyników

Nie rozwiązałeś tego quizu